Statistiques concernant Capitales de pays de A à Z

Cliquez ici pour prendre le quiz!

Statistiques générales

  • Ce quiz a été pris 310 fois
  • Le résultat moyen est 15 sur 24

Statistiques - réponses

LettreCapitalePays% Correct
BBruxellesBelgique
100%
OOttawaCanada
93%
ZZagrebCroatie
93%
JJakartaIndonésie
89%
WWellingtonNouvelle Zélande
88%
SSantiagoChili
83%
QQuitoEquateur
81%
RReykjavikIslande
81%
CCaracasVenezuela
79%
IIslamabadPakistan
77%
EErevanArménie
76%
AAntananarivoMadagascar
75%
YYamoussoukroCôte d'Ivoire
65%
VVientianeLaos
54%
HHarareZimbabwe
51%
TTegucigalpaHonduras
51%
NNoursoultanKazakhstan
47%
DDiliTimor oriental
46%
KKampalaOuganda
42%
LLusakaZambie
39%
FFunafutiTuvalu
35%
MMaseruLesotho
34%
GGitegaBurundi
32%
PPort VilaVanuatu
28%

Distribution des résultats

Percentile par nombre de réponses

% des personnes avec chaque résultat

Votre développement - résultats

Vous n’avez pas pris ce quiz